000 00424nam a2200145Ia 4500
003 OSt
005 20260123162308.0
008 211028s2017 xx 000 0 und d
040 _cAIMIT LIBRARY
041 _aeng
100 _aArpitha, M B; Dias, Beena.
_g1516014
_97591
245 _aStudy on customer satisfaction about JK tyres and industry limited /
260 _aMangalore
_bDr Rowena Wright.
_c2017
942 _2ddc
_cPRO
999 _c219159
_d219159